00614nam a22001817a 4500003000400000008004100004082001800045100002700063245018900090260006800279300000900347502001600356650001700372650001100389650001100400650001100411650001000422OSt260429b |||||||| |||| 00| 0 eng d a635.642bS48E aSingh, Amresh Bahadur. aEffect of Levels of Fertilizers and Plant Densities on Growth, Yield and Quality of Determinate and Indeterminate Hybrid Tomato (Lycopersicon esculentum Mill.)cby Amresh Bahadur Singh a.- Sabour, Bhagalpurb: Bihar Agricultural College, RAUc, 2006 a91p. bPh.D.d2006 aHorticulture aTomata aHybrid aThesis aPh.D.